A belvíz-talajszerkezet visszacsatolási rendszer - esettanulmány csernozjom talajú mintaterületen

Elmentve itt :
Bibliográfiai részletek
Szerzők: Gál Norbert
Farsang Andrea
Dokumentumtípus: Cikk
Megjelent: Talajvédelmi Alapítvány; Magyar Talajtani Társaság 2013
Sorozat:Talajvédelem Különszám
Tárgyszavak:
mtmt:2342945
Online Access:http://publicatio.bibl.u-szeged.hu/5642
LEADER 00907nab a2200217 i 4500
001 publ5642
005 20221128104816.0
008 151005s2013 hu o 0|| zxx d
022 |a 1216-9560 
024 7 |a 2342945  |2 mtmt 
040 |a SZTE Publicatio Repozitórium  |b hun 
041 |a zxx 
100 1 |a Gál Norbert 
245 1 2 |a A belvíz-talajszerkezet visszacsatolási rendszer - esettanulmány csernozjom talajú mintaterületen  |h [elektronikus dokumentum] /  |c  Gál Norbert 
260 |a Talajvédelmi Alapítvány; Magyar Talajtani Társaság  |c 2013 
300 |a 191-200 
490 0 |a Talajvédelem  |v Különszám 
650 4 |a Föld- és kapcsolódó környezettudományok 
700 0 1 |a Farsang Andrea  |e aut 
856 4 0 |u http://publicatio.bibl.u-szeged.hu/5642/1/2342945.pdf  |z Dokumentum-elérés  
856 4 0 |u http://publicatio.bibl.u-szeged.hu/5642/2/Talajv%C3%A9delem_2012_cimlap-tartalom.pdf  |z Dokumentum-elérés